000 01033cam a22002891 4500
001 1926
003 BD-RjUL
005 20211208233437.0
008 131209r19671966njua 001 0 eng
035 _a(BD-RjUL)1953
040 _aDLC
_cDLC
_dDLC
_dBD-RjUL
_beng
041 _aeng
082 0 0 _a329.02
_bPOL 1967
245 0 0 _aPolitical parties and political development /
_cedited by Joseph LaPalombara and Myron Weiner. Contributors: Leonard Binder [and others].
260 _aPrinceton, N.J.,
_bPrinceton University Press,
_cc1966 [Printing 1967].
300 _avii, 487 p. :
_billus. ;
_c25 cm.
504 _a"A selected bibliography, prepared by Naomi E. Kies": p. 439-464.
504 _aIncludes index.
650 0 _aPolitical parties.
_96364
650 0 _aPolitics, Practical.
_96365
650 0 _aPolitical development.
_96366
700 1 _aWeiner, Myron.
_96367
700 1 _aLaPalombara, Joseph,
_d1925-
_96368
942 _2ddc
_cBK
999 _c1926
_d1926